000 00591nam a2200229Ia 4500
003 OSt
005 20240927113607.0
006 a|||||r|||| 00| 0
007 ta
008 220927b |||||||| |||| 00| 0 eng d
024 _a18759
037 _cTextual
040 _aSDCL
_cSDCL
_beng
041 _2san
_asan
082 _aO15:gxH35,1 M2
100 _aVisvanatha Kaviraja
_9502982
245 0 _aSahityadarpana :
260 _c1982.
_aNew Delhi :
_bPanini,
300 _a632p.
942 _hO15:gxH35,1 M2
_cTEXL
_2CC
999 _c820980
_d820980